Family and Frends 5 Class Book
Gespeichert in:
| 1. Verfasser: | |
|---|---|
| Format: | Buch |
| Sprache: | English |
| Veröffentlicht: |
OXFORD
2009
|
| Schlagworte: | |
| Tags: |
Tag hinzufügen
Keine Tags, Fügen Sie den ersten Tag hinzu!
|
| Thư viện lưu trữ: | Mạng thư viện Đại học Đà Nẵng |
|---|
| LEADER | 00863nam a22002651a 4500 | ||
|---|---|---|---|
| 001 | 000034327 | ||
| 003 | 10519 | ||
| 005 | 20151027132116.0 | ||
| 008 | 151027s2009 000 eng | ||
| 020 | |a 978194802949 | ||
| 041 | |a eng | ||
| 082 | |a 420.83 |b TH-T |2 Class Book | ||
| 100 | |a Thompson, Tamzin | ||
| 245 | |a Family and Frends 5 |c Tamzin Thompson |n Class Book | ||
| 260 | |a OXFORD |c 2009 | ||
| 300 | |a 119p. : ill ; 30cm | ||
| 650 | |a Family and Frends 5 | ||
| OWN | |a LNN | ||
| AVA | |a UDN50 |b LNN |d 420.83 TH-T |e available |t Error 5001 Not defined in file expand_doc_bib_avail. |f 2 |g 0 |h N |i 0 |k 1 | ||
| 999 | |a From the UDN01 | ||
| AVA | |a UDN50 |b LNN |d 420.83 TH-T |e available |t Error 5001 Not defined in file expand_doc_bib_avail. |f 2 |g 0 |h N |i 0 |k 1 | ||
| TYP | |a Monograph | ||
| 980 | |a Mạng thư viện Đại học Đà Nẵng | ||